000 00367pab a2200145 454500
008 180718b2004 xxu||||| |||| 00| 0 eng d
100 _aBarlevy, Gadi
245 _aThe cost of business cycles under endogenous growth
260 _c2004
300 _ap.964-90.
362 _aSep
650 _aBusiness cycles
773 _aAmerican Economic Review
909 _a62998
999 _c62998
_d62998